Govt. of
Madhya Pradesh

Musical Instruments (Record no. 3523)

MARC details
000 -LEADER
fixed length control field 004260000a22001810004500
003 - CONTROL NUMBER IDENTIFIER
control field MACL
005 - DATE AND TIME OF LATEST TRANSACTION
control field 20150826130438.0
008 - FIXED-LENGTH DATA ELEMENTS--GENERAL INFORMATION
fixed length control field 150826b xxu||||| |||| 00| 0 eng d
040 ## - CATALOGING SOURCE
Original cataloging agency MACL
Transcribing agency MACL
041 ## - LANGUAGE CODE
Language code of text/sound track or separate title English
082 ## - DEWEY DECIMAL CLASSIFICATION NUMBER
Classification number 784/DEV
100 ## - MAIN ENTRY--PERSONAL NAME
Personal name Deva, B. C.
9 (RLIN) 7512
245 ## - TITLE STATEMENT
Title Musical Instruments
260 ## - PUBLICATION, DISTRIBUTION, ETC. (IMPRINT)
Name of publisher, distributor, etc. National Book Trust
Date of publication, distribution, etc. 1993
Place of publication, distribution, etc. New Delhi
350 ## - PRICE (NR) (BK AM CF MU VM SE) [OBSOLETE]
Price 28
650 ## - SUBJECT ADDED ENTRY--TOPICAL TERM
Topical term or geographic name as entry element Music
9 (RLIN) 7513
942 ## - ADDED ENTRY ELEMENTS (KOHA)
Koha item type Books
Call number prefix 784
Source of classification or shelving scheme
Holdings
Withdrawn status Lost status Source of classification or shelving scheme Damaged status Not for loan Home library Current library Date acquired Cost, normal purchase price Total Checkouts Full call number Barcode Date last seen Date last checked out Uniform Resource Identifier Price effective from Koha item type
          MACL MACL 15/04/2015 28.00 1 784/DEV CRE007353 02/05/2024 06/02/2019 3503 15/04/2015 Books